000 00225 a2200097 4500
001 37988
100 _aMiller R K
245 _aIndustrial robot Hand Book
260 _aUSA
_bThe Fairmont Press
_c1987
090 _c24167
_d24167
942 _aNUST-CAE
_cM
_c15744
999 _c273061
_d273061